Federalizace eurozóny: reálný cíl, nebo nedostižná vize?

Možnosti a limity riešenia súčasnej krízy v eurozóne. Analýza prípadu Grécka. Dominový efekt, strach zo záchrany a prehlbovanie ekonomických rozdielov medzi členmi eurozóny.

Enregistré dans:
Détails bibliographiques
Auteur principal: Malý, Jiří
Format: Chapitre de livre
Langue:tchèque
Sujets:
Tags: Ajouter un tag
Pas de tags, Soyez le premier à ajouter un tag!

MARC

LEADER 00000naa a2200000 4500
001 0166200
005 20220713125850.3
041 0 |a cze 
044 |a CZ 
245 1 0 |a Federalizace eurozóny: reálný cíl, nebo nedostižná vize?  |c Jiří Malý 
520 |a Možnosti a limity riešenia súčasnej krízy v eurozóne. Analýza prípadu Grécka. Dominový efekt, strach zo záchrany a prehlbovanie ekonomických rozdielov medzi členmi eurozóny. 
610 2 0 |a eurozóna 
610 2 0 |a kríza hospodárska 
610 2 0 |a Grécko 
610 2 0 |a reformy hospodárske 
610 2 0 |a Európska únia 
610 2 0 |a politika fiškálna 
100 1 |a Malý, Jiří